MARC

LEADER 00000nam0a2200000 4500
001 232112
005 20231101231137.0
020 |a RU  |b 89-82690 
035 |a (RuTPU)RU\TPU\book\253143 
090 |a 232112 
100 |a 20130208d1989 m y0rusy5003 ca 
101 0 |a rus 
102 |a RU 
105 |a y j 001zy 
200 1 |a Кинетика квантовых систем  |e учебное пособие  |f В. С. Лутовинов, О. Э. Молодых  |g Московский государственный институт радиотехники, электроники и автоматики (Технический университет) (МИРЭА) 
210 |a Москва  |c Изд-во МИРЭА  |d 1989 
215 |a 80 с. 
606 1 |a Квантовая физика  |2 stltpush  |3 (RuTPU)RU\TPU\subj\42126  |9 61861 
610 1 |a кинетика 
610 1 |a квантовые системы 
610 1 |a уравнения 
610 1 |a явления переноса 
610 1 |a квантование 
610 1 |a ангармонизмы 
610 1 |a релаксация 
610 1 |a учебные пособия 
675 |a 530.145.6  |v 3 
700 1 |a Лутовинов  |b В. С.  |g Виктор Степанович  |4 070 
701 1 |a Молодых  |b О. Э.  |g Олег Эдуардович  |4 070 
712 0 2 |a Московский государственный институт радиотехники, электроники и автоматики (Технический университет) (МИРЭА)  |2 stltpush  |3 (RuTPU)RU\TPU\col\119 
801 0 |a RU  |b RuMRKP  |c 19950417  |g psbo 
801 1 |a RU  |b 63413507  |c 20130208 
801 2 |a RU  |b 63413507  |c 20131016  |g RCR 
942 |c BK